| 000 | 00954nam a22002657a 4500 | ||
|---|---|---|---|
| 999 |
_c8077 _d8077 |
||
| 003 | AR-CdUCM | ||
| 008 | 190322b ||||| |||| 00| 0 spa d | ||
| 040 |
_aMUNICIPALIDAD PROVINCIAL DEL CUSCO _cBIBLIOTECA MUNICIPAL DEL CUSCO |
||
| 082 |
_a378.055985 / _bF38 |
||
| 100 |
_aFerdinand Cuadros, Carlos _922810 |
||
| 245 | _aFunción y Perspectiva de la Facultad de Derecho del Cuzco / | ||
| 260 |
_aCusco : _bUNSAAC, _c1965. |
||
| 300 |
_a252 paginas ; _c25 cm. _e2 registros. |
||
| 440 |
_aPublicaciones de la Facultad de Derecho _n6 _922811 |
||
| 500 | _aFacultad de derecho | ||
| 505 | _aContenido: Sistema de organizacion -- registros -- docencia -- administrativo -- tramites... | ||
| 650 |
_aUniversidad Nacional San Antonio de Abad (Cusco) _922812 |
||
| 650 |
_aMemorias _9235 |
||
| 650 |
_aUniversidades _92151 |
||
| 650 |
_aDerecho _9739 |
||
| 650 |
_aAbogacia _922813 |
||
| 650 |
_aJuridica _922814 |
||
| 942 |
_2ddc _cLIBROS |
||
| 945 | _apjha | ||